Państwa Osi i ich sojusznicy/państwa zależne - Statystyki

Ogólne statystyki
  • Ten quiz został rozwiązany 76 razy
  • Średni wynik to 22 z 37
Statystyki odpowiedzi
ważne Państwo % Poprawnych
Niemcy
98%
Włochy
97%
Włoska Republika Socjalna
97%
Japonia
95%
Państwo Węgierskie
92%
Węgry
92%
Rumunia
89%
sojusznik w wojnie ze Związkiem Radzieckim Finlandia
81%
Słowacja
81%
Bułgaria
79%
Francja Vichy
73%
Protektorat Czech i Moraw
67%
ze względu na swe proniemieckie sympatie został w 1941 roku zaatakowany przez siły radziecko-brytyjskie. Iran
65%
Republika Chińska /Nankin (reżim Wanga Jingwei)
63%
przez pewien czas sojusznik Osi Irak
62%
przez pewien czas sojusznik Japonii Syjam/Tajlandia
62%
sojusznik Niemiec na samym początku, dołączył do aliantów Związek Radziecki
60%
Albania
59%
Chorwacja
59%
Królestwo Albanii
59%
Jugosławia (pod rządami księcia Pawła Karadziordziewicia)
54%
OUN-B
54%
Państwo Greckie
54%
Serbia (reżim Nedicia)
52%
Wietnam
46%
Indie (Tymczasowy Rząd Wolnych Indii, Azad Hind)
44%
Kambodża
44%
Norwegia (Rząd Narodowy)
44%
Birma (reżim Ba Maw) / Mjanma
41%
Laos (Królestwo Luang Phrabang)
41%
Niezależne Państwo Czarnogórskie (reżim Drljevica)
40%
Filipiny (druga Republika)
37%
Białoruska Centralna Rada
32%
było etnicznie zdominowane przez Niemców Wolne Miasto Gdańsk
30%
Mandżukuo
25%
Mengjiang
2%
Republika Łokocka
2%
Nie znaleziono quizów pasujących do podanych kryteriów
Rozkład punktacji
Procent ludzi z każdym wynikiem
Percentyl według liczby udzielonych odpowiedzi
Twoja historia wyników
Nie rozwiązałeś tego quizu